LEADER 02622oas 2201033 a 450 001 9910142277903321 005 20260218111327.0 011 $a1936-6434 035 $a(DE-599)ZDB2424077-1 035 $a(OCoLC)122346426 035 $a(CONSER) 2007213021 035 $a(CKB)1000000000320963 035 $ahttps://learn360.infobase.com/titles/74364?aid= 035 $ahttps://learn360.infobase.com/titles/FF2808?aid= 035 $ahttps://learn360.infobase.com/titles/FF2807?aid= 035 $a(DE-599)2424077-1 035 $a(EXLCZ)991000000000320963 100 $a20070404a20089999 sy a 101 0 $aeng 135 $aurcnu|||||||| 181 $ctxt$2rdacontent 182 $cc$2rdamedia 183 $acr$2rdacarrier 200 00$aEvolution 210 $aNew York $cSpringer Science + Business Media$d2008- 300 $aRefereed/Peer-reviewed 311 08$a1936-6426 517 1 $aEvolution, education and outreach 606 $aEvolution$xStudy and teaching$vPeriodicals 606 $aBiological Evolution 606 $aE?volution$xE?tude et enseignement$vPe?riodiques 606 $aE?volution (Biologie) 606 $aevolution$2aat 606 $aEvolution$xStudy and teaching$2fast$3(OCoLC)fst00917293 608 $aFulltext. 608 $aInternet Resources. 608 $aPeriodicals. 608 $aperiodicals.$2aat 608 $aPeriodicals.$2fast 608 $aPeriodicals.$2lcgft 608 $aPe?riodiques.$2rvmgf 615 0$aEvolution$xStudy and teaching 615 12$aBiological Evolution. 615 6$aE?volution$xE?tude et enseignement 615 6$aE?volution (Biologie) 615 7$aevolution. 615 7$aEvolution$xStudy and teaching. 676 $a576 801 0$bNSD 801 1$bNSD 801 2$bNSD 801 2$bOCLCS 801 2$bNSD 801 2$bSYB 801 2$bKSU 801 2$bOCLCQ 801 2$bDLC 801 2$bSERSO 801 2$bOCLCQ 801 2$bCUV 801 2$bOCLCF 801 2$bOCLCQ 801 2$bDLC 801 2$bUAB 801 2$bJ9U 801 2$bCASUM 801 2$bOCLCO 801 2$bOCLCA 801 2$bU3W 801 2$bOCLCO 801 2$bVT2 801 2$bAU@ 801 2$bOCLCO 801 2$bWYU 801 2$bOCLCO 801 2$bOCLCA 801 2$bSFB 801 2$bOCLCA 801 2$bUBY 801 2$bOCLCQ 801 2$bOCLCL 801 2$bCNMTR 801 2$bQGK 801 2$bLVT 801 2$bOCLCQ 906 $aJOURNAL 912 $a9910142277903321 996 $aEvolution$957567 997 $aUNINA